LEADER 01647nam2-2200445---450 001 990002925530203316 005 20220516124221.0 010 $a3-7001-3268-9 035 $a000292553 035 $aUSA01000292553 035 $a(ALEPH)000292553USA01 035 $a000292553 100 $a20070515d2004----km-y0itay50------ba 101 $ager 102 $aAT 105 $aa---||||001yy 200 1 $a2. : <> Fruhbronzezeit in Griechenland mit Ausnahme von Kreta$fEva Alram-Stern$gmit Beitragen von Florens Felten ... [et al.] 210 $aWien$cVerlag der Osterreichischen Akademie der Wissenschaften$d2004 215 $a2 volumi (XIX, 1372 p. compless.)$cill.$d24 cm.$e[1] carta geografica 225 2 $aVeroffentlichungen der Mykenischen Kommission$v21 327 1 $a : XIX, 534 p. - : IX, P. 538-1372 410 0$12001$aVeroffentlichungen der Mykenischen Kommission$v21 454 1$12001 461 1$1001000292552$12001$a<> agaische Fruhzeit. 2. Serie 606 0 $aScavi archeologici$yGrecia 676 $a939.1 700 1$aALRAM-STERN,$bEva$0465552 702 1$aFELTEN,$bFlorens 801 0$aIT$bsalbc$gISBD 912 $a990002925530203316 951 $aXI.3.B. 398/2.1$b191907/A L.M.$cXI.3.B.$d00158564 951 $aXI.3.B. 398/2.1a$b191202 L.M.$cXI.3.B.$d00158574 951 $aXI.3.B. 398/2.2$b191907/B L.M.$cXI.3.B.$d00158569 951 $aXI.3.B. 398/2.2a$b191203 L.M.$cXI.3.B.$d00158579 951 $aI SE ALR 1/1$b6830 DBC$cI SE 959 $aBK 969 $aUMA 969 $aDBC 996 $aFruhbronzezeit in Griechenland mit Ausnahme von Kreta$91029498 997 $aUNISA LEADER 01608nam 2200469Ia 450 001 996393917203316 005 20221108083906.0 035 $a(CKB)3810000000003949 035 $a(EEBO)2248543114 035 $a(OCoLC)07932990 035 $a(EXLCZ)993810000000003949 100 $a19811112d1652 uy | 101 0 $alat 135 $aurbn||||a|bb| 200 10$aAstronomica quædam ex traditione Shah Cholgii Persæ$b[electronic resource] $euna cum hypothesibus planetarum /$fstudio et opera Johannis Gravii 210 $aLondini $cTypis Jacobi Flesher $cProstant apud Cornelium Bee$d1652 215 $a[15], 97 p. $cill 300 $aPersian and Latin on facing pages. 300 $a"Nunc primum publicata." 300 $aListed by Wing as C3923 on reel 1437:32, as G1797 on reel 1207:10, and as M261 on reel 696:36. 300 $aWing numbers G1797 and M261 cancelled in Wing (2nd ed.). 300 $aReproduction of originals in the Bodleian Library and the British Library. 330 $aeebo-0014 606 $aAstronomy$vEarly works to 1800 606 $aAstronomy, Arab 606 $aPlanets$vEarly works to 1800 615 0$aAstronomy 615 0$aAstronomy, Arab. 615 0$aPlanets 700 $aMah?mu?d Sha?h Khulji?$01003219 701 $aGreaves$b John$f1602-1652.$0806992 801 0$bUMI 801 1$bUMI 801 2$bm/c 801 2$bEAA 801 2$bOCL 801 2$bUMI 801 2$bWaOLN 906 $aBOOK 912 $a996393917203316 996 $aAstronomica quædam ex traditione Shah Cholgii Persæ$92303158 997 $aUNISA LEADER 02317nam 2200589 450 001 9910809652303321 005 20181221012949.0 010 $a0-19-756145-4 010 $a1-280-47265-0 010 $a0-19-535131-2 010 $a1-60256-388-8 035 $a(CKB)1000000000245612 035 $a(EBL)271680 035 $a(OCoLC)559931658 035 $a(SSID)ssj0000179653 035 $a(PQKBManifestationID)11183113 035 $a(PQKBTitleCode)TC0000179653 035 $a(PQKBWorkID)10148218 035 $a(PQKB)11513123 035 $a(MiAaPQ)EBC4702079 035 $a(MiAaPQ)EBC271680 035 $a(StDuBDS)EDZ0002341330 035 $a(EXLCZ)991000000000245612 100 $a20200915e20202005 fy| 0 101 0 $aeng 135 $aur|n|---||||| 181 $ctxt 182 $cc 183 $acr 200 10$aInorganic polymers /$fJames E. Mark, Harry R. Allcock, Robert West$b[electronic resource] 205 $aSecond edition. 210 1$aOxford :$cOxford University Press,$d2020. 215 $a1 online resource (353 p.) 225 1 $aOxford scholarship online 300 $aThis edition previously issued in print: 2005. 311 $a0-19-513119-3 320 $aIncludes bibliographical references and index. 327 $aContents; About the Authors; 1 Introduction; 2 Characterization of Inorganic Polymers; 3 Polyphosphazenes; 4 Polysiloxanes and Related Polymers; 5 Polysilanes and Related Polymers; 6 Ferrocene-Based Polymers, and Additional Phosphorus- and Boron-Containing Polymers; 7 Miscellaneous Inorganic Polymers; 8 Inorganic-Organic Hybrid Composites; 9 Preceramic Inorganic Polymers; Index 330 8 $aFor those interested in understanding the underlying principles of inorganic polymer chemistry, Inorganic Polymers provides a concise overview and perspective of the preparation, characterisation, and utilisation of inorganic polymers. 410 0$aOxford scholarship online. 606 $aInorganic polymers 615 0$aInorganic polymers. 676 $a546 700 $aMark$b James E.$f1934-$022309 702 $aAllcock$b H. R.$f1932- 702 $aWest$b Robert$f1928- 801 0$bStDuBDS 801 1$bStDuBDS 906 $aBOOK 912 $a9910809652303321 996 $aInorganic polymers$94117524 997 $aUNINA